| 000 | 00662nam a2200205 a 4500 | ||
|---|---|---|---|
| 001 | 000005417 | ||
| 005 | 20200929151654.0 | ||
| 008 | 090819s2003 sp a 001 0 spa d | ||
| 020 | _a8400081226 | ||
| 040 | _aDO-SdBNP | ||
| 082 |
_axxxx _bP972r |
||
| 100 | 1 |
_aPruna Goodgall, Pedro M., _915378 |
|
| 245 | 1 | 3 |
_aLa real academia de la ciencias de la Habana 1861 - 1898 / _cPedro M. Pruna Goodgall. |
| 260 |
_aMadrid : _bCSIC, _c2003. |
||
| 300 |
_a611 p. : _bil. ; _c21 cm. |
||
| 440 | 0 |
_aEstudios sobre la ciencia _n30 _915379 |
|
| 504 | _aIncluye bibliografías (p.571-597) | ||
| 710 | 1 |
_aConsejo superior de Investigaciones Científicas _94786 |
|
| 049 | _aBNPD | ||
| 999 |
_c5217 _d5217 |
||